00213pam a2200097 a 4500020000500000041000800005100001400013245004600027260003200073300001000105 c aeng aJano.W.R. aMicherales In IndustryhTextual Documents aNew YorkbPenguin Books Ltd a144p.